000
00270nam a2200121Ia 4500
100
_a
Churchill/ S/C.
650
_a
General
942
_c
BK
654
_a
Brazing
245
_a
Brazing Part II
260
_b
MAchinerys Standard Reference Series
_c
2001
546
_a
ENGLISH
999
_c
29331
_d
29331